Premier League Appearances by Nationality: Austria - Statistics

General Stats
  • This quiz has been taken 12 times
  • The average score is 3 of 10
Answer Stats
Appearances Player % Correct
184 Marko Arnautovic
82%
116 Christian Fuchs
45%
39 Alex Manninger
36%
129 Andreas Weimann
36%
116 Emanuel Pogatetz
36%
221 Paul Scharner
36%
77 Sebastian Prodl
27%
32 Kevin Wimmer
18%
49 Kevin Danso
9%
26 Martin Hiden
0%
No matching quizzes found
Score Distribution
Percent of People with Each Score
Percentile by Number Answered
Your Score History
You have not taken this quiz